| 000 | 00349nam a2200145Ia 4500 | ||
|---|---|---|---|
| 005 | 20251222151304.0 | ||
| 008 | 251222s9999||||xx |||||||||||||| ||spa|| | ||
| 020 | _a8487068103 | ||
| 082 | _a928/P45 | ||
| 100 | _aPérez López, Ángel | ||
| 245 | 0 | _aCervantes 1547-1616 | |
| 250 | _a3ra. ed. | ||
| 264 | _bConcejalía de Educación | ||
| 942 | _cLIB | ||
| 999 |
_c23113 _d23113 |
||